000 00728nam a2200301Ia 4500
005 20260401122442.0
008 008 250103s9999 xx 000 0 eng d
020 _a9788125045052
037 _aTB
040 _aEDL
040 _beng
040 _cEDL
041 _2eng
041 _aeng
084 _a371.07SEN
084 _qEDL
100 _aSengupta, Parna
_91233665
245 0 _aPedagogy for Religion : Missionary education and the fashioning of Hindus and Muslims in Bengal
245 0 _cSengupta, Parna
260 _aNew Delhi
260 _bOrient Blackswans
260 _c2011
300 _a211p
942 _cTB
942 _h371.07SEN
999 _c1847375
_d1847375